Ibrane mriyum huya kare koi part 1 / (Record no. 43186)

MARC details
000 -LEADER
fixed length control field 01202njm a22003017a 4500
005 - DATE AND TIME OF LATEST TRANSACTION
control field 20100831101311.0
007 - PHYSICAL DESCRIPTION FIXED FIELD--GENERAL INFORMATION
fixed length control field sd ammalaaahaa
008 - FIXED-LENGTH DATA ELEMENTS--GENERAL INFORMATION
fixed length control field 100831t xxu||||| |||| 00| 0 hin d
028 ## - PUBLISHER NUMBER
Publisher number H.1134
Source Hindusthan Record
028 ## - PUBLISHER NUMBER
Publisher number HSB.2471
Source Hindusthan Record
028 ## - PUBLISHER NUMBER
Publisher number HSB.2481
Source Hindusthan Record
035 ## - SYSTEM CONTROL NUMBER
System control number GR-76
040 ## - CATALOGING SOURCE
Original cataloging agency SED/VEN
100 ## - MAIN ENTRY--PERSONAL NAME
Personal name Saigal, K. L.
9 (RLIN) 17769
245 ## - TITLE STATEMENT
Title Ibrane mriyum huya kare koi part 1 /
Statement of responsibility, etc by K. L. Saigal ; comp by Ghalib ; comp by Bedum
Medium [sound recording] :
246 ## - VARYING FORM OF TITLE
Title proper/short title इब्रने मरियम हुआ करे कोई (क. ल . सैगल )
260 ## - PUBLICATION, DISTRIBUTION, ETC. (IMPRINT)
Place of publication, distribution, etc Dum Dum India
Name of publisher, distributor, etc Hindusthan Record
300 ## - PHYSICAL DESCRIPTION
Extent 1 sound disc [gramophone record]
Other physical details analog, 33 1/3rpm
Dimensions 10in.
Type of unit Gramophone record
500 ## - GENERAL NOTE
General note Brief record
505 ## - FORMATTED CONTENTS NOTE
Formatted contents note Gamza pekan huya jata hai (गमज़ा पैकान हुआ जाता है ) पार्ट 2
650 ## - SUBJECT ADDED ENTRY--TOPICAL TERM
Topical term or geographic name as entry element Classical music
General subdivision Excerpts
Geographic subdivision India
9 (RLIN) 17611
700 ## - ADDED ENTRY--PERSONAL NAME
Personal name Ghalib
9 (RLIN) 17612
700 ## - ADDED ENTRY--PERSONAL NAME
Personal name Bedum
9 (RLIN) 17770
700 ## - ADDED ENTRY--PERSONAL NAME
Personal name Ghalib
9 (RLIN) 17613
700 ## - ADDED ENTRY--PERSONAL NAME
Personal name Bedum
9 (RLIN) 17614
942 ## - ADDED ENTRY ELEMENTS (KOHA)
Source of classification or shelving scheme Dewey Decimal Classification
Item type Gramaphone Records
Holdings
Withdrawn status Lost status Source of classification or shelving scheme Damaged status Not for loan Home library Current library Date acquired Source of acquisition Total Checkouts Full call number Barcode Date last seen Copy number Price effective from Koha item type
    Dewey Decimal Classification   Not For Loan Central Library Central Library 31/08/2010 SED/VEN   GR-76 GR-76 31/08/2010 1 31/08/2010 Gramaphone Records

© Delhi Public Library
Hit Counter
free hit counter